| 000 | 00931cam a2200229 4500 | ||
|---|---|---|---|
| 001 | WB3722-09 | ||
| 008 | 000000n2001 000 0 eng u | ||
| 035 | _a(Sirsi) u112961 | ||
| 245 | _aLondon house prices slower rise | ||
| 260 | _c2001 | ||
| 490 |
_aWeekend Financial Times _v 2 June 2001, 18 |
||
| 490 |
_aFinancial Times _v 6 June 2001, 2(2) |
||
| 520 | _aBoth the Halifax and Nationwide house prices indexes have been issued. They report sharp growth increases nationally with figures of over 7% recorded. The Nationwide survey reveals that house prices in London are slowing compared to the rest of the country but still growing at a reasonable rate of 5%. | ||
| 590 | _aWB | ||
| 650 | _aLONDON | ||
| 650 | _aHOUSING MARKET | ||
| 650 | _aPRICE RISES | ||
| 650 | _aHOUSE PRICE TO INCOME RATIOS | ||
| 650 | _aHOUSE PRICE DATA | ||
| 690 | _aPROPERTY-RESIDENTIAL PROPERTY-RESIDENTIAL PROPERTY MARKET | ||
| 942 | _n0 | ||
| 999 |
_c67247 _d67247 |
||